000 00659nam a2200289Ia 4500
005 20260324113658.0
008 008 260324s9999 xx 000 0 eng d
020 _a9781003324676
037 _aEBOOK
040 _aCRL
040 _beng
040 _cCRL
041 _2eng
041 _aeng
084 _qCRL
100 _aPeter Sear
_91147735
245 0 _aEmpathic Leadership
245 0 _bLessons from Elite Sport
260 _bTaylor and Francis
260 _c2023
365 _a
365 _b205
856 _uhttp://www.taylorfrancis.com/books/9781003324676
942 _cEBOOK
999 _c1737515
_d1737515